| 000 | 00448nam a2200169 a 4500 | ||
|---|---|---|---|
| 001 | 2628 | ||
| 005 | 20140414131945.0 | ||
| 008 | 050621s19uu xx 00 eng d | ||
| 020 | _a1-56189-052-9 | ||
| 050 |
_aTR 372.4 _bT34 1999 |
||
| 245 | _aThinking skills, grade 2. | ||
| 260 |
_bMcGraw-Hill, _c1998. |
||
| 300 | _a128 p. : ill. ; cm. | ||
| 650 |
_aReading _xStudy and teaching. |
||
| 650 |
_aLanguage _xStudy and teaching. |
||
| 999 |
_c112666 _d112666 |
||